Detalles MARC
| 000 -LÍDER |
| Campo fijo de descripción fija |
01843nam a2200349 i 4500 |
| 001 - NÚMERO DE CONTROL |
| Campo de control |
768714001 |
| 003 - IDENTIFICADOR DEL NÚMERO DE CONTROL |
| Campo de control |
CO-MdFUSB |
| 005 - FECHA Y HORA DE LA ULTIMA TRANSACCIÓN |
| control field |
20210906172031.0 |
| 007 - CAMPO FIJO DE DESCRIPCIÓN FIJA--INFORMACIÓN GENERAL |
| Campo fijo de descripción fija |
ta |
| 008 - ELEMENTOS DE LONGITUD FIJA -- INFORMACIÓN GENERAL |
| Campo fijo de descripción fija -- Información general |
200706t1991 fr |||| |||| 00| 0 spa d |
| 020 ## - NÚMERO INTERNACIONAL NORMALIZADO PARA LIBROS |
| Número Internacional Normalizado del libro |
8470502689 |
| 040 ## - FUENTE DE CATALOGACIÓN |
| Agencia de catalogación original |
CO-MdFUSB |
| Idioma de catalogación |
spa |
| Agencia que realiza la transcripción |
CO-MdFUSB |
| Agencia que realiza la modificación |
CO-MdFUSBC |
| Convenciones de la descripción |
rda |
| 041 ## - CÓDIGO DE IDIOMA |
| Código de idioma para texto/pista de sonido o título separado |
spa |
| Código de idioma original |
fre |
| 082 ## - NÚMERO DE CLASIFICACIÓN DECIMAL DEWEY |
| Número de la edición del Dewey |
23 |
| Número de clasificación |
220.3 |
| Clave de autor-Numero de item |
M746 |
| 100 ## - ASIENTO PRINCIPAL--NOMBRE PERSONAL |
| Nombre personal |
Monloubou, Louis |
| Fechas asociadas con el nombre |
1924-2012 |
| Término relacionador |
autor |
| 240 ## - TITULO UNIFORME |
| Título uniforme |
<a href="Dictionnaire biblique abrégé">Dictionnaire biblique abrégé</a> |
| 245 ## - TÍTULO |
| Título del Material |
Diccionario bíblico compendiado |
| Mención de responsabilidad, etc. |
/ Louis Monloubou ; traducido por Miguel Montes |
| 264 #1 - PRODUCCIÓN, PUBLICACIÓN, DISTRIBUCIÓN, MANUFACTURA, Y COPYRIGHT |
| Lugar de producción, publicación, distribución, manufactura |
París : |
| Nombre del productor, publicador, distribuidor |
Edicep, |
| Fecha de producción, publicación, distribución, manufactura, o copyright |
[1991] |
| 264 #4 - PRODUCCIÓN, PUBLICACIÓN, DISTRIBUCIÓN, MANUFACTURA, Y COPYRIGHT |
| Fecha de producción, publicación, distribución, manufactura, o copyright |
©1991 |
| 300 ## - DESCRIPCIÓN FÍSICA |
| Dimensiones |
267 páginas ; |
| Extensión |
21 cm |
| 336 ## - TIPO DE CONTENIDO |
| Fuente |
rdacontent |
| Término de tipo de contenido |
texto |
| Código de tipo de contenido |
txt |
| 337 ## - TIPO DE MEDIO |
| Fuente |
rdamedia |
| Nombre del tipo de medio |
sin mediación |
| Código del tipo de medio |
n |
| 338 ## - TIPO DE SOPORTE |
| Fuente |
rdacarrier |
| Nombre del tipo de soporte |
volumen |
| Código Tipo de soporte |
nc |
| 505 ## - NOTA DE CONTENIDO |
| Nota de contenido con formato preestablecido |
Compendio de lhilippe Fera fe católica: Philippe Ferlay -- Compendio de la moral católica: Jean-Marie Aubert -- Compendio de la oración cristiana: Adalbert Hamman -- Compendio de la vida espiritual: Philippe Ferlay -- Compendio de la gracia: José Antonio Galindo Rodrigo -- Compendio de teología del matrimonio: Emilio Aliaga Girbés -- Diccionario Bíblico compendiado Louis Monloubou - Compendio de la doctrina social de la iglesia:Franco Biffi -- En preparación: compendio del derecho canónico. |
| 520 ## - NOTA DE RESUMEN, ETC. |
| Nota de sumario, etc. |
Esta obra ha sido concebida y realizada para ser incluida en la colección de los Compendios. Después de la Fe católica, la moral católica y la vida espiritual, y mientras esperamos la Vida Litúrgica y la Filosofía cristiana, convenía presentar los libros, el universo y la teología bíblica de una manera que fuera de a la vez sencilla y completa. |
| 563 ## - NOTA DE ENCUADERNACIÓN |
| Nota de encuadernación |
Rústico |
| 650 #0 - ASIENTO SECUNDARIO DE MATERIA - TERMINO TEMÁTICO |
| 9 (RLIN) |
16 |
| Término temático o nombre geográfico como elemento de entrada |
Biblia |
| 653 ## - TÉRMINO DE INDIZACIÓN - NO CONTROLADO |
| Término no controlado |
Diccionario |
| 700 ## - ASIENTO SECUNDARIO - NOMBRE PERSONAL |
| 9 (RLIN) |
5198 |
| Nombre personal |
Montes, Miguel, |
| Responsabilidad |
traductor |
| 942 ## - TIPO DE MATERIAL (KOHA) |
| Tipo de Item KOHA |
Libros de Referencia |
| 945 ## - INFORMACIÓN LOCAL DEL REGISTRO |
| Catalogador |
JTF-925 |